000 00543naa a2200193 4500
001 151101
003 ES-MaBCM
005 20241016185445.0
008 070905s2007 ita|r0p 0 ||ita d
021 _axx
035 _a(OCoLC)1365171166
040 _cES-MaBCM
245 0 0 _aChe fine hanno fatto i cattolici democratici?
_cMauro Pesce ... [et al.]
650 2 7 _aCatolicismo
_957854
650 2 7 _aDemocracia
_958263
700 1 _aPesce, Mauro
_980981
773 0 _aEn:
_tMicromega
_dRoma
_w104806
_gN. 4 (2007), p. 15-68
942 _cAREV
999 _c151101
_d151101